[Event "Challenge"]
[Site "http://www.queenalice.com/game.php?id=382680"]
[Date "2008.4.5"]
[Round "-"]
[White "Menalque"]
[Black "stress"]
[Result "1-0"]
[WhiteElo "1824"]
[BlackElo "1815"]

1. d4 e5 2. dxe5 Nc6 3. Nf3 Qe7 4. Nc3 Nxe5 5. Nxe5 Qxe5 6. g3 c6 7. Bg2 Bb4 8.
Bd2 Nf6 9. a3 Ba5 10. O-O O-O 11. Bf4 Qh5 12. h3 d5 13. e3 Qxd1 14. Nxd1 Re8 15.
b4 Bb6 16. c3 Be6 17. Rc1 a5 18. Nb2 axb4 19. axb4 Ra2 20. Nd3 Rd2 21. Ne1 Ra8
22. Nf3 Rb2 23. Nd4 Bd7 24. g4 Raa2 25. Be5 Ne4 26. Bxe4 dxe4 27. Ra1 f6 28. Bd6
Bxd4 29. exd4 g6 30. Bf4 f5 31. Rxa2 Rxa2 32. f3 exf3 33. gxf5 f2+ 34. Kg2 Bxf5
35. h4 Kf7 36. Be3 Bd3 37. Rxf2+ Rxf2+ 38. Kxf2 Kf6 39. Bg5+ Kf5 40. Ke3 Kg4 41.
Kxd3 1-0

[Event "Challenge"]
[Site "http://www.queenalice.com/game.php?id=382681"]
[Date "2008.4.5"]
[Round "-"]
[White "stress"]
[Black "Menalque"]
[Result "0-1"]
[WhiteElo "1819"]
[BlackElo "1801"]

1. e4 e5 2. Nf3 Nf6 3. d3 Nc6 4. c3 d6 5. Be2 g6 6. O-O Bg7 7. Bg5 O-O 8. Qd2
Be6 9. Bh6 Nh5 10. Bxg7 Kxg7 11. Ng5 Nf4 12. Nf3 f5 13. g3 Nh3+ 14. Kg2 f4 15.
Kh1 Qe7 16. Ng1 fxg3 17. fxg3 Rxf1 18. Bxf1 Nxg1 19. Kxg1 d5 20. Qe3 d4 21. cxd4
Nxd4 22. Nc3 Nc2 23. Qc1 Nxa1 24. Qxa1 Qc5+ 25. Kh1 Qf2 26. b3 Rf8 27. Nb5 Qxf1+
0-1

[Event "Challenge"]
[Site "http://www.queenalice.com/game.php?id=382682"]
[Date "2008.4.5"]
[Round "-"]
[White "stress"]
[Black "umdoistresredondoredondo"]
[Result "1-0"]
[WhiteElo "1821"]
[BlackElo "1913"]

1. e4 e5 2. Nf3 d6 3. d3 Bg4 4. Be2 Nf6 5. O-O Qd7 6. h3 Bh5 7. Nc3 Be7 8. Nh2
Bxe2 9. Qxe2 c6 10. f4 exf4 11. Bxf4 O-O 12. Rf2 Qe6 13. Raf1 Nbd7 14. Bg5 h6
15. Bh4 Rae8 16. a3 d5 17. exd5 Qxe2 18. Rxe2 g5 19. Bf2 Nxd5 20. Nxd5 cxd5 21.
Ng4 Kh7 22. Rfe1 h5 23. Ne5 Nf6 24. Bxa7 Bd6 25. Bd4 Bxe5 26. Bxe5 Nd7 27. Bd6
Rxe2 28. Rxe2 Rd8 29. Re7 Kg6 30. Bc7 1-0

[Event "Challenge"]
[Site "http://www.queenalice.com/game.php?id=382683"]
[Date "2008.4.5"]
[Round "-"]
[White "umdoistresredondoredondo"]
[Black "stress"]
[Result "1-0"]
[WhiteElo "1876"]
[BlackElo "1841"]

1. e4 e5 2. Nf3 d6 3. Bc4 Be7 4. d3 Nf6 5. Nc3 O-O 6. Bg5 c6 7. Bxf6 Bxf6 8. O-O
b5 9. Bb3 a5 10. a4 b4 11. Ne2 Bg4 12. Ng3 c5 13. c4 Nc6 14. h3 Bh5 15. Nxh5 Be7
16. Ng3 Qd7 17. Nf5 Bf6 18. Qd2 Nd4 19. N3xd4 exd4 20. Qf4 Rad8 21. Qg4 g6 22.
Nh6+ Kh8 23. Qxd7 Rxd7 24. Bd1 Bg7 25. Ng4 h5 26. Nh2 Re7 27. g4 hxg4 28. hxg4
f5 29. Kg2 fxe4 30. dxe4 Rxe4 31. Rh1 Kg8 32. Bc2 Ref4 33. f3 d3 34. Bxd3 Bxb2
35. Rab1 Bd4 36. Bxg6 R8f6 37. Be4 Rh6 38. Nf1 Rxh1 39. Kxh1 Rf7 40. Bd5 1-0

[Event "Challenge"]
[Site "http://www.queenalice.com/game.php?id=383311"]
[Date "2008.4.6"]
[Round "-"]
[White "rogervolei"]
[Black "stress"]
[Result "1-0"]
[WhiteElo "1846"]
[BlackElo "1825"]

1. h3 e5 2. a3 d5 3. e3 c6 4. b4 Be7 5. Bb2 Bf6 6. g4 g6 7. g5 Bg7 8. h4 Ne7 9.
Bg2 O-O 10. h5 Be6 11. h6 Bh8 12. Nf3 Bg4 13. d3 e4 14. Bxh8 Kxh8 15. dxe4 dxe4
16. Qxd8 Rxd8 17. Nfd2 Bf5 18. Bxe4 Na6 19. Rh4 Be6 20. f4 Bf5 21. Nc3 Nc7 22.
O-O-O Ncd5 23. Nxd5 cxd5 24. Bxf5 Nxf5 25. Rh3 Rac8 26. Nb3 b6 27. Nd4 Re8 28.
Nxf5 gxf5 29. Rxd5 Kg8 30. Kb2 Re7 31. c3 Rec7 32. Rd3 Kf8 33. Rh2 Ke7 34. Rhd2
Ke8 35. a4 Ke7 36. Rc2 Rc6 37. Rd5 Ke6 38. Re5+ Kd7 39. Rxf5 Ke7 40. Kb3 Re6 41.
Re2 Re4 42. b5 Rcc4 43. Re5+ Rxe5 44. fxe5 Re4 45. Rd2 Rxe5 46. Rg2 Rxe3 47. Kc2
Re4 48. Kd3 Rxa4 49. Re2+ Kd7 50. Re5 Rg4 51. c4 Kd6 52. Rf5 Ke6 53. Rf6+ Ke7
54. Rc6 Rxg5 55. Rc7+ Kf6 56. Rxa7 Rg6 57. Ra6 Ke5 58. c5 bxc5 59. Kc4 Rg8 60.
Kxc5 f5 61. b6 Rc8+ 62. Kb5 f4 63. b7 Rb8 64. Kb6 f3 65. Ra8 1-0

[Event "Challenge"]
[Site "http://www.queenalice.com/game.php?id=383312"]
[Date "2008.4.6"]
[Round "-"]
[White "stress"]
[Black "rogervolei"]
[Result "0-1"]
[WhiteElo "1932"]
[BlackElo "1819"]

1. e4 a6 2. Nf3 d6 3. d4 Bg4 4. Be2 h6 5. O-O e6 6. c3 b5 7. h3 Bxf3 8. Bxf3 c6
9. Re1 Be7 10. Bf4 g5 11. Bh2 Nf6 12. Nd2 Nbd7 13. e5 dxe5 14. dxe5 Nd5 15. c4
bxc4 16. Nxc4 Qc7 17. b3 Bb4 18. Rf1 Bc3 19. Rc1 Bxe5 20. Bxe5 Nxe5 21. Nxe5
Qxe5 22. Rxc6 Nb4 23. Rxe6+ fxe6 24. Re1 Qf6 25. Bh5+ Ke7 26. Qg4 Nd3 27. Re2
Nf4 28. Rc2 Rac8 0-1

[Event "AUTO-MASTER-499"]
[Site "http://www.queenalice.com/game.php?id=383802"]
[Date "2008.4.7"]
[Round "1"]
[White "Bruscato"]
[Black "stress"]
[Result "1-0"]
[WhiteElo "2231"]
[BlackElo "1954"]

1. e4 e5 2. Nf3 d6 3. Bc4 Be7 4. O-O Nf6 5. d4 exd4 6. Nxd4 O-O 7. Nc3 a6 8. Be3
b5 9. Bd3 c5 10. Nf5 Bxf5 11. exf5 Nc6 12. Bg5 b4 13. Ne2 Ne5 14. Ng3 c4 15. Be2
d5 16. Bf4 Nc6 17. Bf3 Rc8 18. Re1 Bd6 19. Bg5 Be7 20. c3 bxc3 21. bxc3 h6 22.
Bf4 Re8 23. Qa4 a5 24. Rad1 Bc5 25. Ne4 Nxe4 26. Rxe4 Rxe4 27. Bxe4 Qb6 28. Bxd5
Bxf2+ 29. Kh1 Ne7 30. Qd7 Qc5 31. Bd6 1-0

[Event "AUTO-MASTER-499"]
[Site "http://www.queenalice.com/game.php?id=383803"]
[Date "2008.4.7"]
[Round "1"]
[White "stress"]
[Black "Bruscato"]
[Result "0-1"]
[WhiteElo "1925"]
[BlackElo "2236"]

1. e4 e6 2. d4 d5 3. exd5 exd5 4. Nf3 Nf6 5. Be2 Bd6 6. O-O O-O 7. c3 Bf5 8. Bg5
h6 9. Bh4 Re8 10. Re1 Nbd7 11. Nbd2 c5 12. h3 cxd4 13. Nxd4 Bg6 14. N2f3 Rc8 15.
Bb5 Rxe1+ 16. Qxe1 Qb6 17. Qe2 a6 18. Ba4 Nc5 19. Bb3 Re8 20. Qd1 Nfe4 21. Nd2
Bf4 22. Nxe4 dxe4 23. Qg4 Nxb3 24. Nxb3 Qc7 25. Re1 e3 26. Bg3 Re4 27. Bxf4 Rxf4
0-1

[Event "AUTO-MASTER-499"]
[Site "http://www.queenalice.com/game.php?id=383818"]
[Date "2008.4.7"]
[Round "1"]
[White "arvo1938"]
[Black "stress"]
[Result "0-1"]
[WhiteElo "1946"]
[BlackElo "1921"]

1. d4 e5 2. dxe5 Nc6 3. Nf3 Qe7 4. Bf4 Qb4+ 5. Nbd2 Qxf4 6. e3 Qb4 7. Bc4 b6 8.
O-O Bb7 9. Bb3 O-O-O 10. a3 Qe7 11. Nc4 g6 12. a4 a5 13. c3 Bg7 14. Qc2 Nxe5 15.
Nfxe5 Bxe5 16. Nxe5 Qxe5 17. Bxf7 Nh6 18. Bc4 Ng4 19. g3 Qh5 20. h4 Ne5 21. Be2
Nf3+ 22. Kg2 Nd4+ 23. e4 Nxc2 24. Bxh5 gxh5 25. b4 Bxe4+ 26. Kg1 Nxa1 27. Rxa1
axb4 28. cxb4 Rhf8 29. a5 bxa5 30. bxa5 Kb7 31. a6+ Ka7 32. f4 Rf6 33. Ra5 Rxa6
34. Rxh5 Ra2 35. Re5 Rb8 36. Rxe4 Rb1+ 37. Re1 Rxe1# 0-1

[Event "AUTO-MASTER-499"]
[Site "http://www.queenalice.com/game.php?id=383819"]
[Date "2008.4.7"]
[Round "1"]
[White "stress"]
[Black "arvo1938"]
[Result "0-1"]
[WhiteElo "1949"]
[BlackElo "1933"]

1. e4 c5 2. Nf3 d6 3. d3 Bg4 4. Be2 Nc6 5. O-O Nf6 6. c3 e5 7. Bg5 Be7 8. Ne1
Bxe2 9. Qxe2 h6 10. Bh4 O-O 11. f4 Nd7 12. Bxe7 Qxe7 13. f5 f6 14. Nc2 Qf7 15.
c4 a6 16. Rf3 Nd4 17. Nxd4 exd4 18. Nd2 Ne5 19. Rg3 Kh8 20. Nf3 b5 21. b3 Rfb8
22. Nxe5 dxe5 23. Rc1 b4 24. Rf1 a5 25. Rg6 a4 26. h4 axb3 27. axb3 Ra3 28. Rb1
Rba8 29. Rg3 Ra1 30. Qb2 Rxb1+ 31. Qxb1 Qh5 32. Rh3 Qe2 33. Kh2 Ra2 34. Rg3 Qb2
35. Qd1 Qe2 36. Qb1 Qf2 37. Qd1 Qe2 38. Qb1 Ra3 39. Kh3 h5 40. Kh2 Kh7 41. Kh3
Qd2 42. Rf3 Qc3 43. Qf1 Rxb3 44. Rg3 Qd2 45. Qf3 Qh6 46. Kh2 Qf4 47. Qxh5+ Qh6
48. Qd1 Ra3 49. Kh3 Ra2 50. Rg6 Qe3+ 51. Rg3 Qe2 52. Qc1 b3 53. Kh2 b2 0-1

[Event "AUTO-MASTER-499"]
[Site "http://www.queenalice.com/game.php?id=383830"]
[Date "2008.4.7"]
[Round "1"]
[White "stress"]
[Black "chessy66"]
[Result "0-1"]
[WhiteElo "1933"]
[BlackElo "2125"]

1. e4 c6 2. d4 d5 3. exd5 cxd5 4. Nf3 Nf6 5. Be2 Bg4 6. O-O Bxf3 7. Bxf3 e6 8.
Bg5 Be7 9. c3 O-O 10. Nd2 Nc6 11. Re1 Qb6 12. Rb1 Qc7 13. Nf1 a5 14. Bh4 a4 15.
Bg3 Bd6 16. Bxd6 Qxd6 17. h3 b5 18. a3 Na5 19. Nd2 Nc4 20. Qc2 Nd7 21. Be2 Ndb6
22. Nf1 Qc6 23. Bd3 g6 24. Ne3 Nxe3 25. Rxe3 Nc4 26. Rg3 Qd6 27. h4 Qf4 28. h5
f5 29. Bxc4 bxc4 30. hxg6 hxg6 31. Rxg6+ Kf7 32. Rg3 Rh8 33. Qe2 Qh4 34. Rh3 Qg5
35. Qe5 Rxh3 36. Qc7+ Kg8 0-1

[Event "AUTO-MASTER-499"]
[Site "http://www.queenalice.com/game.php?id=383831"]
[Date "2008.4.7"]
[Round "1"]
[White "chessy66"]
[Black "stress"]
[Result "1-0"]
[WhiteElo "2098"]
[BlackElo "1826"]

1. b3 e5 2. Bb2 d6 3. e3 Be7 4. f4 exf4 5. exf4 Bh4+ 6. g3 Bf6 7. d4 Ne7 8. Nf3
O-O 9. Bg2 c5 10. O-O Bg4 11. Qd3 Nbc6 12. c3 Qb6 13. Nbd2 Rfe8 14. Ne4 Bxf3 15.
Nxf6+ gxf6 16. Bxf3 f5 17. dxc5 dxc5 18. c4 Rad8 19. Qc2 Nd4 20. Qg2 Rd6 21.
Bxb7 Re6 22. Bd5 Nxd5 23. Qxd5 Ne2+ 24. Kh1 Nd4 25. Bxd4 cxd4 26. Rad1 Rd8 27.
Qxf5 Qc6+ 28. Kg1 Qb6 29. Qg4+ Kf8 30. Qf3 Re3 31. Qf2 d3 32. Rfe1 Rxe1+ 33.
Rxe1 d2 34. Rd1 Qa5 35. a4 Qc3 36. Qc5+ Ke8 37. Qe5+ Qxe5 38. fxe5 Rb8 39. Rxd2
Rxb3 40. Rd6 Rb4 41. Ra6 Rxc4 42. Rxa7 Rc5 43. a5 Rxe5 44. a6 Ra5 45. Ra8+ Ke7
46. a7 Kf6 47. Kg2 Ke7 48. Kh3 Kd7 49. Rf8 Ke7 50. a8=Q 1-0

[Event "Challenge"]
[Site "http://www.queenalice.com/game.php?id=389305"]
[Date "2008.4.17"]
[Round "-"]
[White "stress"]
[Black "sioux"]
[Result "0-1"]
[WhiteElo "1879"]
[BlackElo "1643"]

1. e4 e5 2. Nf3 d6 3. d3 Be7 4. Be2 Nf6 5. O-O c6 6. h3 d5 7. exd5 Qxd5 8. Nc3
Qe6 9. Re1 b5 10. Bf1 O-O 11. Nd4 Qd6 12. Nb3 Bd8 13. Be3 Bc7 14. a3 e4 15. Nxe4
Qh2# 0-1

[Event "AUTO-ADV-739"]
[Site "http://www.queenalice.com/game.php?id=410548"]
[Date "2008.5.30"]
[Round "2"]
[White "stress"]
[Black "Gambit13"]
[Result "0-1"]
[WhiteElo "1776"]
[BlackElo "1884"]

1. e4 c6 2. Nf3 d5 3. exd5 cxd5 4. d4 e6 5. Bb5+ Bd7 6. Bxd7+ Nxd7 7. O-O Rc8 8.
Re1 Bd6 9. c3 Qc7 10. Nbd2 Ne7 11. Nf1 O-O 0-1